000 01323cam a2200373 i 4500
001 26925
003 Mx-PuUPA
005 20250325132756.0
008 140415s2023 sp gr 000 0 spa d
017 _aM. 36.576-2016
020 _a9788490614822
040 _cMx-PuUPA
_aMx-PuUPA
_bspa
_dMx-PuUPA
_erda
041 1 _aspa
_hpl
100 0 _aJohn Paul,
_bII,
_cPope,
_d1920-2005
_eautor
_917
240 1 0 _aMittosc i odpowedzialnosc.
_lEspañol
245 1 0 _aAmor y responsabilidad /
_cKarol Wojtyla
250 _aOctava edición
264 1 _aMadrid, España :
_bBiblioteca Palabra,
_c2023
300 _a379 páginas ;
_c21 cm
336 _2rdacontent
_atexto
_btxt
337 _2rdamedia
_asin medio
_bn
338 _2rdacarrier
_avolumen
_bnc
490 0 _aBiblioteca Palabra ;
_v35
490 0 _aPensamiento
650 7 _2armarc
_aAmor (Teología)
650 7 _2armarc
_aTeología moral
650 7 _2armarc
_aMoral sexual
650 7 _2armarc
_aSexualidad
_xAspectos religiosos
_xIglesia católica
765 0 _aJohn Paul, II, Pope, 1920-2005
_dCiudad del Vaticano : Libreria Editrice Vaticana, 1979
_tMittosc i odpowedzialnosc.
942 _2ddc
_cLI
_h231.6
_iJ65
999 _c26925
_d26925